|
|
|
|
| LEADER |
00000cam a2200000 7i4500 |
| 001 |
0000005000 |
| 002 |
000005391 |
| 005 |
20000330.0 |
| 020 |
|
|
|a 983622260X
|
| 090 |
0 |
0 |
|a 297.63
|b ALS
|
| 100 |
0 |
|
|a Abdul Hamid Jaudah Al-Sahhar
|
| 245 |
1 |
0 |
|a Nabi Ibrahim :
|b bapa para nabi
|c Abdul Hamid JaudahAl-Shhar ; penterjemah Safiah Abd.Razak
|
| 260 |
|
|
|a Kuala Lumpur :
|b DBP ,
|c 1991
|
| 300 |
|
|
|a 217 p. :
|b ill. ;
|c 21 cm.
|
| 490 |
0 |
|
|a Siri Karya Ibrah kisah para Nabi
|
| 650 |
0 |
0 |
|a Ibrahim A.S,prophet
|
| 700 |
0 |
|
|a Safiah Abd.Razak
|
| 999 |
|
|
|a 033554
|b BUKU
|c PINJAMAN
|e PERPUSTAKAAN KOMUNITI PETALING JAYA
|